000 00520nam a2200193Ia 4500
005 20250508160800.0
008 008 250505s9999 xx 000 0 hin d
037 _aTextual
040 _aFEDL
_beng
_cFEDL
041 _ahin
_2eng
084 _a342.954, YOG
_qFEDL
100 _aYograj
245 0 _aBharat kasamvidhan tatha preshasan
260 _aNew Delhi, India
_bDelhi Publishing House
_c1973
300 _a232p
650 _aLaw
942 _cTEXL
_h342.954, YOG
999 _c1366598
_d1366598